000 00263nam a2200109Ia 4500
008 200302s9999 xx 000 0 und d
100 _aHarry Holland
245 _aTravellers Architecture
260 _bGeorge G. Harrap & Co. Ltd.
260 _c1971
300 _a223 P.,
999 _c374
_d374